[Event "Poznan op 27th"]
[Site "Poznan"]
[Date "2019.08.24"]
[Round "8"]
[White "Nowak, Patrycja"]
[Black "Frackowiak, Lena"]
[Result "1-0"]
[WhiteElo "1297"]
[BlackElo "1037"]
[PlyCount "57"]
[EventDate "2019.08.18"]
[EventType "swiss"]
[EventRounds "9"]
[EventCountry "POL"]
[SourceTitle "EXT 2020"]
[Source "ChessBase"]
[SourceDate "2019.10.17"]
[SourceVersion "1"]
[SourceVersionDate "2019.10.17"]
[SourceQuality "1"]

1. d4 d5 2. Nf3 Nf6 3. Bf4 g6 4. e3 Bg7 5. Be2 0-0 6. h3 Nc6 7. Nbd2 Bf5 8. 0-0 Nb4 9. c3 Nc6 10. Re1 Ne4 11. Nxe4 Bxe4 12. Nd2 e5 13. dxe5 Nxe5 14. Qb3 b6 15. Rad1 Bd3 16. Bxd3 Nxd3 17. Re2 c5 18. Bg3 Re8 19. Nf3 Ne5 20. Bxe5 Bxe5 21. Rxd5 Qf6 22. Red2 Rad8 23. Rxd8 Rxd8 24. Rxd8+ Qxd8 25. Nxe5 Qc7 26. Qd5 a5 27. Nc6 Kg7 28. Qe5+ Qxe5 29. Nxe5 1-0

[Event "Poznan op 27th"]
[Site "Poznan"]
[Date "2019.08.20"]
[Round "4"]
[White "Nowak, Patrycja"]
[Black "Gac Mytych, Sara"]
[Result "1-0"]
[WhiteElo "1297"]
[BlackElo "1042"]
[PlyCount "59"]
[EventDate "2019.08.18"]
[EventType "swiss"]
[EventRounds "9"]
[EventCountry "POL"]
[SourceTitle "EXT 2020"]
[Source "ChessBase"]
[SourceDate "2019.10.17"]
[SourceVersion "1"]
[SourceVersionDate "2019.10.17"]
[SourceQuality "1"]

1. d4 Nf6 2. Nf3 e6 3. Bf4 Bb4+ 4. c3 Be7 5. h3 d5 6. e3 Bd7 7. Bd3 Nc6 8. 0-0 a6 9. Nbd2 b5 10. Qc2 h6 11. e4 dxe4 12. Nxe4 Nxe4 13. Bxe4 f5 14. Bd3 0-0 15. Rfe1 Rc8 16. Qb3 Na5 17. Qd1 Nc4 18. Bxc4 bxc4 19. Ne5 Be8 20. Nxc4 Bf7 21. Qe2 Qd5 22. Ne5 Be8 23. Nf3 Bd7 24. c4 Qa5 25. d5 Bb4 26. dxe6 Bxe1 27. exd7 Bxf2+ 28. Kxf2 Rcd8 29. Qe6+ Kh8 30. Ne5 1-0

[Event "Poznan op 27th"]
[Site "Poznan"]
[Date "2019.08.18"]
[Round "1"]
[White "Piekielny, Pawel"]
[Black "Nowak, Patrycja"]
[Result "1-0"]
[WhiteElo "1966"]
[BlackElo "1297"]
[PlyCount "55"]
[EventDate "2019.08.18"]
[EventType "swiss"]
[EventRounds "9"]
[EventCountry "POL"]
[SourceTitle "EXT 2020"]
[Source "ChessBase"]
[SourceDate "2019.10.17"]
[SourceVersion "1"]
[SourceVersionDate "2019.10.17"]
[SourceQuality "1"]

1. e4 c6 2. d4 d5 3. Nc3 dxe4 4. Nxe4 Bf5 5. Ng3 Bg6 6. h4 h6 7. Nf3 Nd7 8. h5 Bh7 9. Bd3 Bxd3 10. Qxd3 e6 11. Bd2 Ngf6 12. 0-0-0 Qc7 13. Ne4 0-0-0 14. Nxf6 Nxf6 15. Qe2 Be7 16. g3 Nd5 17. c4 Nb4 18. Bxb4 Bxb4 19. c5 Qe7 20. Qc4 Qf6 21. Rd3 Ba5 22. Qa4 Bc7 23. Qxa7 Bb8 24. Qa8 Rhe8 25. Rb3 Re7 26. Ne5 Qxf2 27. Nxc6 Qxg3 28. Rxg3 1-0

[Event "Poznan op 26th"]
[Site "Poznan"]
[Date "2018.08.24"]
[Round "7"]
[White "Kugler, Pawel"]
[Black "Nowak, Patrycja"]
[Result "0-1"]
[WhiteElo "1561"]
[BlackElo "1221"]
[PlyCount "98"]
[EventDate "2018.08.19"]
[EventType "swiss"]
[EventRounds "9"]
[EventCountry "POR"]
[SourceTitle "CBM 186 Extra"]
[Source "ChessBase"]
[SourceDate "2018.08.24"]
[SourceVersion "1"]
[SourceVersionDate "2018.08.24"]
[SourceQuality "1"]

1. d4 d5 2. Nf3 c6 3. c4 Bf5 4. cxd5 cxd5 5. Nc3 e6 6. e3 Nc6 7. Be2 Nf6 8. a3 a6 9. Nh4 Bg6 10. Nxg6 hxg6 11. 0-0 Bd6 12. f4 Qc7 13. Bd2 g5 14. g3 0-0-0 15. b4 gxf4 16. gxf4 g5 17. Bc1 Rdg8 18. Kh1 Rh4 19. Rg1 Rgh8 20. Rg2 gxf4 21. exf4 Bxf4 22. Bxf4 Qxf4 23. Qg1 Qxd4 24. Rc1 Qxg1+ 25. Kxg1 Kd7 26. b5 Nd4 27. Bd1 Nxb5 28. Ba4 Rc4 29. Rcc2 Rg8 30. Nxb5 Rxg2+ 31. Kxg2 Rxc2+ 32. Bxc2 axb5 33. h4 Kd6 34. Kf3 e5 35. Bd1 Kc5 36. Ke3 d4+ 37. Kd2 e4 38. h5 Kc4 39. h6 Nh7 40. Bh5 Ng5 41. Be2+ Kb3 42. Bg4 Kxa3 43. Bf5 b4 44. Kc1 e3 45. h7 Nxh7 46. Bxh7 Kb3 47. Bd3 Kc3 48. Bb5 d3 49. Kd1 b3 0-1

[Event "Poznan op 25th"]
[Site "Poznan"]
[Date "2017.08.25"]
[Round "7"]
[White "Mozdzanowski, Filip"]
[Black "Nowak, Patrycja"]
[Result "1-0"]
[WhiteElo "1329"]
[BlackElo "1182"]
[PlyCount "33"]
[EventDate "2017.08.20"]
[EventType "swiss"]
[EventRounds "9"]
[EventCountry "POL"]
[SourceTitle "CBM 180 Extra"]
[Source "ChessBase"]
[SourceDate "2017.10.06"]
[SourceVersion "1"]
[SourceVersionDate "2017.10.06"]
[SourceQuality "1"]

1. Nf3 d5 2. g3 c6 3. Bg2 Bf5 4. d3 Nd7 5. Nbd2 Ngf6 6. Nh4 Bg6 7. 0-0 e6 8. e4 Bh5 9. Bf3 Bxf3 10. Nhxf3 Bd6 11. Qe2 h5 12. e5 Nxe5 13. Nxe5 h4 14. Ndf3 hxg3 15. fxg3 Qc7 16. Bd2 Nd7 17. Nxf7 1-0

[Event "Poznan op 25th"]
[Site "Poznan"]
[Date "2017.08.20"]
[Round "1"]
[White "Huchwajda, Katarzyna"]
[Black "Nowak, Patrycja"]
[Result "1-0"]
[WhiteElo "1779"]
[BlackElo "1182"]
[PlyCount "91"]
[EventDate "2017.08.20"]
[EventType "swiss"]
[EventRounds "9"]
[EventCountry "POL"]
[SourceTitle "CBM 180 Extra"]
[Source "ChessBase"]
[SourceDate "2017.10.06"]
[SourceVersion "1"]
[SourceVersionDate "2017.10.06"]
[SourceQuality "1"]

1. e4 c6 2. d4 d5 3. exd5 cxd5 4. Bd3 Nc6 5. c3 Qc7 6. Ne2 Nf6 7. Bf4 Qd7 8. 0-0 e6 9. Nd2 Be7 10. Nf3 h6 11. Ng3 0-0 12. Bc2 b6 13. Ne5 Nxe5 14. dxe5 Nh7 15. Qd3 f5 16. exf6 Nxf6 17. Be5 Qe8 18. h4 a5 19. Bxf6 Rxf6 20. Qh7+ Kf8 21. h5 Qf7 22. Qh8+ Qg8 23. Qxg8+ Kxg8 24. Bd3 Bb7 25. a3 Bd6 26. Ne2 Raf8 27. b4 e5 28. Bb5 e4 29. Nd4 Be5 30. Rab1 Bc8 31. Be2 Bxd4 32. cxd4 Rf5 33. f3 Bd7 34. Rbe1 Rc8 35. Rc1 Rxc1 36. Rxc1 axb4 37. axb4 Be8 38. fxe4 dxe4 39. Rc8 Kf8 40. Rb8 Rd5 41. Kf2 Rxd4 42. Bb5 Rxb4 43. Bxe8 Ke7 44. Bg6 Kf6 45. Re8 Kg5 46. Re7 1-0